000 00908cab a2200253 4500
001 ABS49875
008 090401t1993 xxu||||| |||| 00| 0 eng d
035 _a(Sirsi) u73144
041 _aeng
100 _aBrown, P. K.
245 _aRevaluation in a recession: a discussion paper
260 _c1993
350 _a0
490 _aThe Impugner (RICS Rating Diploma Holders` Section)
_vNovember 1993, 1-10(10)
520 _aRaises revaluation issues on which RICS research is to be based, mindful that the 1990 revaluation was founded on secure evidence of the 1988 boom whilst the forthcoming round will have much less evidence, and that of poorer quality.
650 _aFALLING MARKET
650 _aRENTAL EVIDENCE
650 _aRATING REVALUATION 1995
650 _aTRANSITIONAL RELIEF
650 _aVALUATION ISSUES
690 _aRATING AND VALUATION
942 _n0
948 _c04/03/1997
999 _c46258
_d46258